प्राचीन भारतीय संस्कृति / (Record no. 120195)
[ view plain ]
| 000 -LEADER | |
|---|---|
| fixed length control field | 01224nam a22002657a 4500 |
| 005 - DATE AND TIME OF LATEST TRANSACTION | |
| control field | 20170124103154.0 |
| 010 ## - LIBRARY OF CONGRESS CONTROL NUMBER | |
| LC control number | A-762783 |
| 020 ## - INTERNATIONAL STANDARD BOOK NUMBER | |
| Terms of availability | 350.00 |
| International Standard Book Number | 8171321046 |
| 035 ## - SYSTEM CONTROL NUMBER | |
| System control number | A-762783 |
| 037 ## - SOURCE OF ACQUISITION | |
| Source of stock number/acquisition | Cen Lib/Ret |
| 040 ## - CATALOGING SOURCE | |
| Original cataloging agency | DPL |
| Language of cataloging | HN |
| 082 ## - DEWEY DECIMAL CLASSIFICATION NUMBER | |
| Classification number | 306.954 |
| Item number | नागोरी |
| 100 ## - MAIN ENTRY--PERSONAL NAME | |
| Personal name | नागोरी, एस.एल. |
| 9 (RLIN) | 89078 |
| 245 ## - TITLE STATEMENT | |
| Title | प्राचीन भारतीय संस्कृति / |
| Statement of responsibility, etc | एस.एल. नागोरी |
| 246 ## - VARYING FORM OF TITLE | |
| Title proper/short title | Prachin Bhartiya sanskriti |
| Remainder of title | by S.L. Nagori |
| 260 ## - PUBLICATION, DISTRIBUTION, ETC. (IMPRINT) | |
| Place of publication, distribution, etc | जयपुर |
| Name of publisher, distributor, etc | पॉइंटर पब्लिशेर्स |
| Date of publication, distribution, etc | 1996 |
| 270 ## - ADDRESS | |
| Address | 807, ब्यास बिल्डिंग चौड़ा रास्ता |
| City | जयपुर |
| Postal code | 302003 |
| 300 ## - PHYSICAL DESCRIPTION | |
| Extent | vi,214पृष्ठ. |
| Dimensions | 20सेमी(सजिल्द) |
| 500 ## - GENERAL NOTE | |
| General note | सन्दर्भ ग्रन्थ सूची शामिल |
| 650 ## - SUBJECT ADDED ENTRY--TOPICAL TERM | |
| Topical term or geographic name as entry element | भारतीय संस्कृति का प्रचार |
| 9 (RLIN) | 89079 |
| 650 ## - SUBJECT ADDED ENTRY--TOPICAL TERM | |
| Topical term or geographic name as entry element | सभ्यता तथा संकृति |
| 9 (RLIN) | 89080 |
| 650 ## - SUBJECT ADDED ENTRY--TOPICAL TERM | |
| Topical term or geographic name as entry element | Promotion of Indian culture |
| 9 (RLIN) | 89081 |
| 650 ## - SUBJECT ADDED ENTRY--TOPICAL TERM | |
| Topical term or geographic name as entry element | Civilization and Snkriti |
| 9 (RLIN) | 89082 |
| 942 ## - ADDED ENTRY ELEMENTS (KOHA) | |
| Source of classification or shelving scheme | Dewey Decimal Classification |
| Koha item type | Hindi Books |
| Classification part | 306.954 |
| Call number suffix | नागोरी |
| Withdrawn status | Lost status | Damaged status | Not for loan | Home library | Current library | Date acquired | Source of acquisition | Cost, normal purchase price | Total Checkouts | Full call number | Barcode | Date last seen | Copy number | Cost, replacement price | Price effective from | Koha item type |
|---|---|---|---|---|---|---|---|---|---|---|---|---|---|---|---|---|
| Central Library | Central Library | 21/09/2015 | Cen Lib/Ret | 350.00 | 306.954 नागोरी | A-762783 | 21/09/2015 | 1 | 350.00 | 21/09/2015 | Hindi Books |
